• 首页
  • 本馆介绍
  • 公告通知
  • 最新文献
  • 馆藏检索
  • 电子资源
  • 读者导购
  • 参考咨询
  • 我的图书馆
  • 登录
  • 详细信息显示
  • 放入我的书架
  • 预约/预借图书
  • 作者相关作品
  • 分类相关作品
  • 丛书相关作品
  • 出版社相关作品

书目信息

  • 表格格式
  • 工作单格式
  • 卡片格式
题名:
美高招生办主任手记
    
 
作者: 冯宜勇 著
分册:  
出版信息: 北京   团结出版社  2020.05
页数: 307页
开本: 24cm
丛书名:
单 册:
中图分类: G639.712.8
科图分类:
主题词: 高中--留学教育--概况--美国
电子资源:
ISBN: 978-7-5126-7589-6
000 01084nam0 2200241 450
001 012001001503
005 20141202152126.0
010    @a978-7-5126-7589-6@dCNY58.00
100    @a20220905d2020 em y0chiy50 ea
101 0  @achi
102    @aCN@b110000
105    @aa z 000yy
106    @ar
200 1  @a美高招生办主任手记@Amei gao zhao sheng ban zhu ren shou ji@d= The journal of American high school admissions director@f冯宜勇著@zeng
210    @a北京@c团结出版社@d2020.05
215    @a307页@c图,照片@d24cm
330    @a本书内容基于作者在美国两所知名高中做招生办主任5年的经历、以及在中国和美国高校任教并和哈佛耶鲁等大学教授多年一起工作交流的沉淀,解读美国高中录取的原则、标准、程序和兴趣倾向性,厘清普通的留学公司以及英语培训机构的留学理念,帮助有计划赴美国留学的学生家庭简化留学手续,赋予学生切合实际的知识和技能。
510 1  @aJournal of American high school admissions director@zeng
606 0  @a高中@x留学教育@x概况@y美国
690    @aG639.712.8@v5
701  0 @a冯宜勇@Afeng yi yong@4著
801  0 @aCN@bAHXH@c20221111
905    @b1371207-11@dG639.712.8@e2702@f5
    
    美高招生办主任手记= The journal of American high school admissions director/冯宜勇著.-北京:团结出版社,2020.05
    307页:图,照片;24cm
    
    
    ISBN 978-7-5126-7589-6:CNY58.00
    本书内容基于作者在美国两所知名高中做招生办主任5年的经历、以及在中国和美国高校任教并和哈佛耶鲁等大学教授多年一起工作交流的沉淀,解读美国高中录取的原则、标准、程序和兴趣倾向性,厘清普通的留学公司以及英语培训机构的留学理念,帮助有计划赴美国留学的学生家庭简化留学手续,赋予学生切合实际的知识和技能。
●
相关链接 在E读中查询图书 在五车中查询图书 在当当中查询图书 在豆瓣中查询图书


正题名:美高招生办主任手记     索取号:G639.712.8/2702         预约/预借

序号 登录号 条形码 馆藏地/架位号 状态 备注
1 1371207   213712071   第一样本阅览室/ [索取号:G639.712.8/2702] 在馆    
2 1371208   213712080   教育系资料室/ [索取号:G639.712.8/2702] 在馆    
3 1371209   213712099   教育系资料室/ [索取号:G639.712.8/2702] 在馆    
4 1371210   213712106   第四借阅区/ [索取号:G639.712.8/2702] 在馆    
5 1371211   213712115   第四借阅区/ [索取号:G639.712.8/2702] 在馆    
唐山师范学院图书馆 欢迎您!
大连网信软件有限公司© 版权所有